000 00460pab a2200169 454500
008 180718b2014 xxu||||| |||| 00| 0 eng d
100 _aHanumantha Rao, Potharjau
245 _aA comprehensive framework for training needs assessment of ULBs in India
260 _c2014
300 _ap.12-36.
362 _aJul-Dec
650 _aLocal government - India
650 _aTraining - India
650 _aTraining
773 _aUrban India
909 _a109902
999 _c109897
_d109897